Statistics for What happened in this chapter of Harry Potter? Books 1-2

Click here to take the quiz!

General Stats

  • This quiz has been taken 13 times
  • The average score is 5 of 11

Answer Stats

CLUESTHE CORRECT ANSWERS YOU TYPED IN WITH YOUR OWN BARE HANDS (AT LEAST I THINK IS YOUR BARE HANDS)% Correct
When Harry got HedwigDiagon Alley
91%
When Hermione decided she wanted to be friends with Ron and HarryHalloween
73%
When Arthur's car crashedThe Whomping Willow
64%
When Ron played wizard chess to help HarryThrough The Trapdoor
64%
When Draco insulted Ron and then Ron started puking slugsMudbloods and Murmurs
55%
When the Weasley's used Floo Powder with Harry for the first timeAt Flourish and Blotts
45%
When Harry figured out who Nicolas Flamel wasNicolas Flamel
45%
When Harry saw someone sucking a unicorn's bloodThe Forbidden Forrest
36%
When Harry saw Nearly Headless Nick and Justin Finch-Fletchey petrifiedThe Dueling Club
9%
When Dobby injured Harry, trying to save himThe Rouge Bludger
9%
When Harry tripped over a rock(That never happened)
0%

Score Distribution

Percentile by Number Answered

Percent of People with Each Score

Your Score History

You have not taken this quiz